Streetlife China (Record no. 577727)

MARC details
000 -LEADER
fixed length control field 00493nam a2200169Ia 4500
008 - FIXED-LENGTH DATA ELEMENTS--GENERAL INFORMATION
fixed length control field 250728s9999 xx 000 0 und d
020 ## - INTERNATIONAL STANDARD BOOK NUMBER
ISBN 9780521637190
082 ## - DEWEY DECIMAL CLASSIFICATION NUMBER
Classification number 951.057
Item number DUT
100 ## - MAIN ENTRY--AUTHOR NAME
Personal name Dutton, Michael Robert
245 #0 - TITLE STATEMENT
Title Streetlife China
260 ## - PUBLICATION, DISTRIBUTION, ETC. (IMPRINT)
Name of publisher Cambridge University Press
Year of publication 1998
300 ## - PHYSICAL DESCRIPTION
Number of Pages 338 pages
500 ## - GENERAL NOTE
General note Collection of articles by various Chinese writers about life in contemporary China.
650 ## - SUBJECT ADDED ENTRY--TOPICAL TERM
Topical Term History
942 ## - ADDED ENTRY ELEMENTS (KOHA)
Koha item type English Books
Holdings
Withdrawn status Lost status Damaged status Not for loan Home library Current library Shelving location Date acquired Full call number Accession Number Price effective from Koha item type
        Anna Centenary Library Anna Centenary Library 7TH FLOOR, B WING 28.07.2025 951.057 DUT 102196 28.07.2025 English Books

Find us on the map